[Event "TUR-chT2"]
[Site "Konya"]
[Date "2016.07.22"]
[Round "9.3"]
[White "Metin, Oguz"]
[Black "Ererdem, Gani Eren"]
[Result "0-1"]
[WhiteElo "2095"]
[BlackElo "2151"]
[PlyCount "116"]
[EventDate "2016.07.17"]
[EventType "team-swiss"]
[EventRounds "9"]
[EventCountry "TUR"]
[SourceTitle "CBM 173 Extra"]
[Source "ChessBase"]
[SourceDate "2016.08.29"]
[SourceVersion "1"]
[SourceVersionDate "2016.08.29"]
[SourceQuality "1"]
[WhiteTeam "Burdur Callica"]
[BlackTeam "Karaman Belediye"]
[WhiteTeamCountry "TUR"]
[BlackTeamCountry "TUR"]

1. d4 Nf6 2. Nf3 e6 3. e3 d5 4. Bd3 Nbd7 5. 0-0 Bd6 6. c4 c6 7. Nc3 0-0 8. Qe2 dxc4 9. Bxc4 e5 10. Rd1 Qe7 11. e4 exd4 12. Nxd4 Ne5 13. Bb3 Re8 14. h3 Bc5 15. Be3 Ng6 16. Bc2 Bb4 17. Nf5 Bxf5 18. exf5 Nf4 19. Qf3 Bxc3 20. Bxf4 Bxb2 21. Rab1 Ba3 22. Bg5 Bd6 23. Bh4 Rad8 24. Bb3 Be5 25. Re1 Qc7 26. g4 b5 27. g5 Nd5 28. g6 f6 29. gxh7+ Kh8 30. Bg3 Bxg3 31. fxg3 Re5 32. Rxe5 Qxe5 33. Qf2 Qe3 34. Re1 Qxf2+ 35. Kxf2 Kxh7 36. g4 c5 37. Rd1 c4 38. Bc2 Rd7 39. Be4 Nb6 40. Rxd7 Nxd7 41. Bc6 Ne5 42. Bxb5 Kh6 43. Kg3 c3 44. Ba4 Nd3 45. h4 Nb4 46. Kf4 c2 47. Bxc2 Nxc2 48. Ke4 Ne1 49. a4 Ng2 50. a5 Nxh4 51. a6 Kg5 52. Kd5 Kxg4 53. Kc6 Nxf5 54. Kb7 Nd6+ 55. Kxa7 f5 56. Kb6 f4 57. Kc7 Nb5+ 58. Kb6 f3 0-1

[Event "TUR-chT2"]
[Site "Konya"]
[Date "2016.07.20"]
[Round "6.4"]
[White "Metin, Oguz"]
[Black "Ozkan, Ervin"]
[Result "1/2-1/2"]
[WhiteElo "2095"]
[BlackElo "2239"]
[PlyCount "61"]
[EventDate "2016.07.17"]
[EventType "team-swiss"]
[EventRounds "9"]
[EventCountry "TUR"]
[SourceTitle "CBM 173 Extra"]
[Source "ChessBase"]
[SourceDate "2016.08.29"]
[SourceVersion "1"]
[SourceVersionDate "2016.08.29"]
[SourceQuality "1"]
[WhiteTeam "Burdur Callica"]
[BlackTeam "Bursa Buyuksehir"]
[WhiteTeamCountry "TUR"]
[BlackTeamCountry "TUR"]

1. e4 c6 2. d4 d5 3. e5 Bf5 4. h4 h5 5. c4 e6 6. Nc3 Ne7 7. Nf3 Bg6 8. cxd5 Nxd5 9. Bd3 Bxd3 10. Qxd3 Ne7 11. Bg5 Qd7 12. 0-0 Na6 13. a3 Nf5 14. Ne4 Nc5 15. Qc2 Nxe4 16. Qxe4 Be7 17. Be3 Qd5 18. Qxd5 cxd5 19. g3 Kd7 20. Rfc1 Rhc8 21. Kf1 f6 22. Ke2 Bd8 23. Kd3 b5 24. Rxc8 Rxc8 25. Rc1 Rxc1 26. Bxc1 Bb6 27. Be3 Bc7 28. Bf4 Bb6 29. Be3 Bc7 30. Bf4 Bb6 31. Be3 1/2-1/2

[Event "Corum op"]
[Site "Corum"]
[Date "2016.05.27"]
[Round "8"]
[White "Uzunoglu, Efe Kerem"]
[Black "Metin, Oguz"]
[Result "0-1"]
[WhiteElo "2161"]
[BlackElo "2121"]
[PlyCount "94"]
[EventDate "2016.05.23"]
[EventType "swiss"]
[EventRounds "9"]
[EventCountry "TUR"]
[SourceTitle "CBM 172 Extra"]
[Source "ChessBase"]
[SourceDate "2016.06.21"]
[SourceVersion "1"]
[SourceVersionDate "2016.06.21"]
[SourceQuality "1"]

1. e4 c5 2. c3 d5 3. exd5 Qxd5 4. d4 g6 5. Nf3 Bg7 6. Na3 cxd4 7. Bc4 Qe4+ 8. Be3 Nh6 9. cxd4 0-0 10. 0-0 Nc6 11. Re1 Qf5 12. d5 Na5 13. Bd4 Nxc4 14. Bxg7 Kxg7 15. Nxc4 Qf6 16. Qb3 Rd8 17. Rad1 Bg4 18. Rd3 Rac8 19. Nfe5 Bf5 20. Rd2 Rc7 21. h3 Qh4 22. Ne3 Qe4 23. Nf3 Qf4 24. Rd4 Qd6 25. g4 Bc8 26. Red1 Ng8 27. Qa4 Qf6 28. Kg2 b5 29. Qb4 Rcd7 30. Rf4 Qd6 31. Qd4+ f6 32. g5 Bb7 33. Kg3 Bxd5 34. Qc3 b4 35. Qxb4 fxg5 36. Qxd6 Rxd6 37. Nxg5 Nf6 38. Nxd5 Nh5+ 39. Kf3 Nxf4 40. Kxf4 Rxd5 41. Ne6+ Kf6 42. Re1 Rc8 43. h4 Rc4+ 44. Kg3 Re5 45. Rxe5 Kxe5 46. Ng5 Rc2 47. Nf3+ Kf6 0-1

[Event "Corum op"]
[Site "Corum"]
[Date "2016.05.26"]
[Round "5"]
[White "Metin, Oguz"]
[Black "Guliev, Logman"]
[Result "0-1"]
[WhiteElo "2121"]
[BlackElo "2367"]
[PlyCount "56"]
[EventDate "2016.05.23"]
[EventType "swiss"]
[EventRounds "9"]
[EventCountry "TUR"]
[SourceTitle "CBM 172 Extra"]
[Source "ChessBase"]
[SourceDate "2016.06.21"]
[SourceVersion "1"]
[SourceVersionDate "2016.06.21"]
[SourceQuality "1"]

1. d4 Nf6 2. c4 e6 3. Nc3 Bb4 4. e3 0-0 5. Bd3 c5 6. Nf3 d5 7. 0-0 Nc6 8. a3 Bxc3 9. bxc3 dxc4 10. Bxc4 Qc7 11. Bb2 b6 12. Qc2 Na5 13. Ba2 cxd4 14. exd4 Bb7 15. c4 Bxf3 16. gxf3 Rac8 17. Rac1 b5 18. d5 Qf4 19. Bb1 Rxc4 20. Qd3 Rxc1 21. Rxc1 Nc4 22. Bxf6 Qxc1+ 23. Kg2 Qh6 24. Be7 Qg6+ 25. Qxg6 fxg6 26. d6 Kf7 27. Be4 Rb8 28. h4 Rb6 0-1

[Event "Corum op"]
[Site "Corum"]
[Date "2016.05.25"]
[Round "4"]
[White "Hajiyev, Shahin Qabil"]
[Black "Metin, Oguz"]
[Result "0-1"]
[WhiteElo "1994"]
[BlackElo "2121"]
[PlyCount "66"]
[EventDate "2016.05.23"]
[EventType "swiss"]
[EventRounds "9"]
[EventCountry "TUR"]
[SourceTitle "CBM 172 Extra"]
[Source "ChessBase"]
[SourceDate "2016.06.21"]
[SourceVersion "1"]
[SourceVersionDate "2016.06.21"]
[SourceQuality "1"]

1. d4 Nf6 2. Nc3 d5 3. Bg5 Nbd7 4. Nf3 c6 5. Qd3 e6 6. e4 dxe4 7. Nxe4 Be7 8. Nxf6+ Nxf6 9. 0-0-0 0-0 10. Ne5 a5 11. Qh3 a4 12. Bd3 g6 13. c3 a3 14. b3 Nd5 15. Bxe7 Qxe7 16. Be4 f6 17. Nc4 b5 18. Nd2 b4 19. Nb1 Qc7 20. Qg3 Nf4 21. Rhe1 Ba6 22. c4 Rad8 23. Qe3 e5 24. g3 Ne6 25. d5 cxd5 26. Bxd5 Rxd5 27. Rxd5 Bxc4 28. Rd2 Bxb3+ 29. Nc3 bxc3 30. Rd3 Bxa2 31. Rxc3 Qb7 32. Kd1 Rd8+ 33. Ke2 Nd4+ 0-1

[Event "Manavgat Turkey Cup"]
[Site "Manavgat"]
[Date "2016.02.04"]
[Round "9"]
[White "Metin, Oguz"]
[Black "Aktas, Ilker"]
[Result "1-0"]
[WhiteElo "2134"]
[BlackElo "1892"]
[PlyCount "63"]
[EventDate "2016.01.30"]
[EventType "swiss"]
[EventRounds "11"]
[EventCountry "TUR"]
[SourceTitle "CBM 170 Extra"]
[Source "ChessBase"]
[SourceDate "2016.02.25"]
[SourceVersion "1"]
[SourceVersionDate "2016.02.25"]
[SourceQuality "1"]

1. e4 c5 2. c3 Nf6 3. e5 Nd5 4. d4 cxd4 5. Nf3 e6 6. cxd4 d6 7. Bc4 Nb6 8. Bd3 Nc6 9. 0-0 dxe5 10. dxe5 Nb4 11. Be4 Qxd1 12. Rxd1 Rb8 13. Nc3 Bd7 14. a3 Nc6 15. b4 f5 16. exf6 gxf6 17. Bxc6 bxc6 18. Bf4 e5 19. Nxe5 Rc8 20. Nxd7 Nxd7 21. Rd3 Ne5 22. Re1 Bg7 23. Rg3 Kf7 24. Ne4 Rcd8 25. Bxe5 fxe5 26. Rc3 a5 27. bxa5 Ra8 28. Rxc6 Rhd8 29. a6 Bf8 30. h4 Rd3 31. Rb1 Rxa3 32. Rb7+ 1-0

[Event "Manavgat Turkey Cup"]
[Site "Manavgat"]
[Date "2016.01.31"]
[Round "2"]
[White "Akdagli, Gokhan"]
[Black "Metin, Oguz"]
[Result "0-1"]
[WhiteElo "1804"]
[BlackElo "2134"]
[PlyCount "96"]
[EventDate "2016.01.30"]
[EventType "swiss"]
[EventRounds "11"]
[EventCountry "TUR"]
[SourceTitle "CBM 170 Extra"]
[Source "ChessBase"]
[SourceDate "2016.02.25"]
[SourceVersion "1"]
[SourceVersionDate "2016.02.25"]
[SourceQuality "1"]

1. e4 g6 2. d4 Bg7 3. f4 d6 4. Nf3 Nf6 5. Nc3 0-0 6. Be3 c6 7. Qd2 b5 8. a3 Nbd7 9. Bd3 Nb6 10. Qe2 a5 11. 0-0 Be6 12. Ng5 Bc4 13. e5 Nfd5 14. Bxc4 Nxc4 15. Nxd5 cxd5 16. c3 Qb6 17. b3 Nxe3 18. Qxe3 b4 19. axb4 axb4 20. Rxa8 Rxa8 21. cxb4 Qxb4 22. Kh1 h6 23. Nf3 Ra3 24. Rb1 Kh7 25. Qd2 Qb6 26. Qc2 dxe5 27. fxe5 e6 28. h3 Bf8 29. Qc8 Kg7 30. Qc2 Be7 31. Qd1 Qb4 32. Qc2 Qa5 33. Qd2 Qa6 34. Ne1 Ra2 35. Qd3 Qxd3 36. Nxd3 Rd2 37. Ne1 Rxd4 38. Kg1 Bc5 39. Kf1 Rd2 40. Nf3 Rf2+ 41. Ke1 Rxg2 42. b4 Bb6 43. Rb3 g5 44. b5 Kg6 45. Nd2 Ba5 46. Rb2 Bxd2+ 47. Rxd2 Rg1+ 48. Kf2 Rb1 0-1

[Event "Manavgat Turkey Cup"]
[Site "Manavgat"]
[Date "2016.01.31"]
[Round "3"]
[White "Metin, Oguz"]
[Black "Kayar, Mehmet Erdem"]
[Result "1-0"]
[WhiteElo "2134"]
[BlackElo "1945"]
[PlyCount "83"]
[EventDate "2016.01.30"]
[EventType "swiss"]
[EventRounds "11"]
[EventCountry "TUR"]
[SourceTitle "CBM 170 Extra"]
[Source "ChessBase"]
[SourceDate "2016.02.25"]
[SourceVersion "1"]
[SourceVersionDate "2016.02.25"]
[SourceQuality "1"]

1. d4 Nf6 2. c4 c5 3. d5 e6 4. Nc3 exd5 5. cxd5 d6 6. g3 g6 7. Bg2 Bg7 8. Nf3 0-0 9. 0-0 a6 10. a4 Nbd7 11. Nd2 Rb8 12. a5 b5 13. axb6 Nxb6 14. Qc2 Nh5 15. Nb3 f5 16. Na5 Qe8 17. Nc6 Ra8 18. Qb3 Nd7 19. Nb5 Qxe2 20. Bf3 Qxb5 21. Qxb5 axb5 22. Rxa8 Kf7 23. Bxh5 gxh5 24. Bf4 Ne5 25. Rfa1 Nxc6 26. dxc6 Bxb2 27. R1a7+ Kg8 28. Rc7 Be6 29. Rxf8+ Kxf8 30. Bxd6+ Kg8 31. Re7 Bd5 32. c7 Bb7 33. Bxc5 b4 34. Bxb4 h4 35. c8Q+ Bxc8 36. Re8+ Kf7 37. Rxc8 hxg3 38. hxg3 h5 39. Rc5 Kg6 40. Rc6+ Kg5 41. Be7+ Kg4 42. Rc4+ 1-0

[Event "Malatya Golden Apricot op 3rd"]
[Site "Malatya"]
[Date "2015.08.29"]
[Round "8"]
[White "Metin, Oguz"]
[Black "Tiviakov, Sergei"]
[Result "0-1"]
[WhiteElo "2182"]
[BlackElo "2611"]
[PlyCount "60"]
[EventDate "2015.08.25"]
[EventType "swiss"]
[EventRounds "9"]
[EventCountry "TUR"]
[SourceTitle "EXT 2016"]
[Source "ChessBase"]
[SourceDate "2015.10.08"]
[SourceVersion "1"]
[SourceVersionDate "2015.10.08"]
[SourceQuality "1"]

1. d4 Nf6 2. c4 e6 3. Nf3 b6 4. g3 Bb7 5. Bg2 Be7 6. 0-0 0-0 7. Nc3 Na6 8. Bf4 d6 9. Ne1 c6 10. Nd3 d5 11. cxd5 cxd5 12. Rc1 Ne4 13. Qa4 Nd6 14. Bxd6 Qxd6 15. e4 Nc7 16. e5 Qd8 17. b4 a6 18. Qb3 Nb5 19. Ne2 Qd7 20. f4 Rfc8 21. a4 Na7 22. Kf2 b5 23. Nc5 Bxc5 24. Rxc5 bxa4 25. Qb1 Bc6 26. f5 Bb5 27. Bf3 Rxc5 28. dxc5 Nc6 29. Rc1 Nxe5 30. Nf4 Nxf3 0-1

[Event "Malatya Golden Apricot op 3rd"]
[Site "Malatya"]
[Date "2015.08.28"]
[Round "6"]
[White "Metin, Oguz"]
[Black "Zhigalko, Andrey"]
[Result "0-1"]
[WhiteElo "2182"]
[BlackElo "2585"]
[PlyCount "68"]
[EventDate "2015.08.25"]
[EventType "swiss"]
[EventRounds "9"]
[EventCountry "TUR"]
[SourceTitle "EXT 2016"]
[Source "ChessBase"]
[SourceDate "2015.10.08"]
[SourceVersion "1"]
[SourceVersionDate "2015.10.08"]
[SourceQuality "1"]

1. d4 Nf6 2. c4 g6 3. Nf3 Bg7 4. g3 c5 5. Bg2 Qa5+ 6. Nc3 Ne4 7. 0-0 Nxc3 8. bxc3 d6 9. Qd3 Nc6 10. Rb1 0-0 11. Rb5 Qxa2 12. Bb2 a6 13. Ra1 Qxa1+ 14. Bxa1 axb5 15. Bb2 Bf5 16. e4 bxc4 17. Qe2 Bg4 18. Qxc4 cxd4 19. cxd4 Rfc8 20. Ng5 Nd8 21. Qb3 h6 22. h3 Bd7 23. Nf3 Ba4 24. Qb4 Rc2 25. Ne1 Nc6 26. Qxb7 Rb8 27. Qa6 Rcxb2 28. Qxa4 Rb1 29. Qxc6 Rxe1+ 30. Kh2 Bxd4 31. Qc7 Rb2 32. Qxe7 Bxf2 33. h4 Re3 34. Qf6 Bxg3+ 0-1